| 000 | 00644nam a22001937a 4500 | ||
|---|---|---|---|
| 005 | 20150609160120.0 | ||
| 010 | _aENG-113033 | ||
| 020 |
_a9789385160059 _c695.00 |
||
| 035 | _aEN-96565 | ||
| 037 | _bDBAB/PUB | ||
| 082 | _a331.40954 | ||
| 245 |
_aWorking women : _cedited by Indu Singh _bbackbone of india / |
||
| 260 |
_aNew Delhi _bLenin Media _c2015 |
||
| 270 |
_a204-205, IInd Floor, Durga Complex Centre Shoping Complex Mayur Vihar, Phase-II, _bNew Delhi _e110091 |
||
| 300 |
_a252p. _c22cm(Hb) |
||
| 500 | _aIncludes bibliographical references and index | ||
| 700 | _aSingh, Indu | ||
| 942 |
_2ddc _cEN _mWOR _h331.40954 |
||
| 999 |
_c93574 _d93574 |
||